| 000 | 00755nam a2200265 i 4500 | ||
|---|---|---|---|
| 001 | 91456 | ||
| 003 | ES-MaACL | ||
| 005 | 20251003185047.0 | ||
| 007 | t| | ||
| 008 | 050131s1970 sp |||| | spa d | ||
| 080 | _a572.4 | ||
| 080 | _a576.12 | ||
| 080 | _a599.9 | ||
| 100 | 1 |
_aLewis, John. _972059 |
|
| 245 | 1 | 1 |
_a¿Mono desnudo u Homo sapiens? / _cJohn Lewis, Bernard Towers ; [traducción de Manuel Vázquez]. |
| 246 | 3 | _aHomo sapiens | |
| 260 |
_a[Barcelona : _bPlaza y Janés, _c1970] |
||
| 300 |
_a158 p. ; _c18 cm. |
||
| 650 | 0 | 4 |
_aHombre- _xOrigen. _913452 |
| 650 | 4 |
_aEvolución. _912625 |
|
| 700 | 1 |
_aTowers, Bernard. _9111183 |
|
| 700 | 1 |
_aVázquez Tomás, Manuel _9113375 |
|
| 852 |
_aES-MaACL _jC-40397 |
||
| 999 |
_c91456 _d91456 |
||